banner-ar

BABY MINNIE UND IHRE FLASCHE / (Record no. 18337)

MARC details
000 -الفاتح
حقل البيانات ثابتة الطول 00387nam a2200157Ia 4500
040 ## - مصدر الفهرسة
وكالة الفهرسة الأصلية GCL /
وكالة النسخ GCL
082 04 - رقم تصنيف ديوى العشرى
رقم التصنيف CH
رقم المادة 833.087
-- W D
100 1# - المدخل الرئيسى - إسم شخصى
الإسم الشخصى WALT DISNEY COMPANY
245 10 - بيان العنوان
العنوان BABY MINNIE UND IHRE FLASCHE /
بيان المسئوليه,etc WALT DISNEY COMPANY
260 ## - PUBLICATION, DISTRIBUTION, ETC. (IMPRINT)
تاريخ النشر أو التوزيع 1988
650 04 - المدخل الاضافى بالموضوع-مصطلح موضوعى
مصطلح موضوعي READING
650 04 - المدخل الاضافى بالموضوع-مصطلح موضوعى
مصطلح موضوعي CHILDREN
650 04 - المدخل الاضافى بالموضوع-مصطلح موضوعى
مصطلح موضوعي TALES
942 ## - عناصر المدخل الإضافي( كوها)
مصدر التصنيف او مخطط الترفيف Dewey Decimal Classification
Koha [default] item type كتاب
260 ## - PUBLICATION, DISTRIBUTION, ETC. (IMPRINT)
-- [S.N] :
-- PESTALOZZI- VERLAG ،
Holdings
حالة التراجع حالة الفقد حالة تلف ليس للاعارة المكان المؤقت الموقع الحالى تاريخ الاكتساب اجمالي اﻻعارات رقم الطلب الباركود تاريخ اخر مشاهدة تاريخ تفعيل السعر نوع وعاء كوها
        مكتبة القاهرة الكبرى مكتبة القاهرة الكبرى 03/26/2014   CH\833.087\W D 34422 03/26/2014 03/26/2014 كتاب

Powered By

EGPV